000 01345nam a22002897a 4500
001 3960
003 FISKH
005 20240528105345.0
008 240528b cb ||||| |||| 00| 0 eng d
020 _a9780552528238
040 _aFISKH
_beng
_cFISKH
_dFISKH
050 _aPZ7
082 _a823.914
100 _aChilds, Rob
245 _aThe big prize /
_cRob Childs ; illustrated by Aidan Potts
250 _aThis edition published in 1996
260 _aLondon :
_bA Young Corgi Book,
_c1994
300 _a78 pages :
_billustrations ;
_c20 cm
505 _aP
520 _aIn this action-packed football feast Chris is thrilled to be chosen as the mascot for his club, but is his luck running out? Everything seems to be going great for Chris Weston. First he wins the prize of being chosen to be the mascot for the local football league club for their next F.A. Cup match. Then he is picked to play in goal for his school team on the morning of the same day.But then disaster strikes and Chris can hardly walk, let alone run on to a pitch. Has his luck suddenly changed for the worse? And will he miss his chance of being a mascot?
521 8 _a640
_bLexile estimate
521 8 _aP
_bRaz-Plus
650 _aSoccer
_xWeston Brothers
700 _aPotts, Aidan
_eillustrator
942 _2ddc
_cBK
_n0
999 _c3960
_d3960